|
|
|
|
| LEADER |
00000nab a2200000 a 4500 |
| 001 |
vtls000081117 |
| 003 |
SK-MaSNL |
| 005 |
20260303032231.0 |
| 008 |
111103c1981 xo 0 slo |
| 015 |
|
|
|a SNBRB19rr/mm-uuuuu
|
| 035 |
|
|
|a CL0091218
|
| 040 |
|
|
|a SNKBUCL
|b slo
|c SNKBUCL
|e AACR2
|
| 041 |
0 |
|
|a slo
|
| 044 |
|
|
|a xo
|c SK
|
| 080 |
|
|
|a 82:08:885.4
|2 1981
|
| 080 |
|
|
|a 08
|2 1981
|
| 080 |
|
|
|a 885.4
|2 1981
|
| 080 |
|
|
|a 82
|2 1981
|
| 080 |
|
|
|a 069
|2 1981
|
| 100 |
1 |
|
|a (n)
|4 aut
|9 858975
|
| 245 |
1 |
0 |
|a Skúsenosť má ambície
|b Na jubilejnej výstave kníh slovenských vydavateľstiev
|c (n)
|
| 650 |
0 |
7 |
|a vydavateľstvá slovenské
|2 snkbucl
|9 922208
|
| 650 |
0 |
7 |
|a knižná kultúra
|2 snkbucl
|9 31235
|
| 650 |
0 |
7 |
|a Mesiac knihy
|d (1981)
|2 snkbucl
|9 487218
|
| 650 |
0 |
7 |
|a Knižná žatva 1981
|2 snkbucl
|9 1006814
|
| 655 |
|
7 |
|a články z novín a časopisov
|2 snkbucl
|9 267496
|
| 655 |
|
7 |
|a články z odboru literárna veda a krásna literatúra
|2 snkbucl
|9 770045
|
| 773 |
0 |
|
|t Večerník
|g Roč. 26, č. 55 (19. 3. 1981), s. /5/
|
| 850 |
|
|
|a Slovenská národná knižnica v Martine
|a MTA001
|
| 852 |
|
|
|a SNK
|b KIS3GCP
|
| 958 |
|
|
|a RK
|
| 958 |
|
|
|a LX
|
| 992 |
|
|
|a RBX
|
| 999 |
|
|
|c 1663131
|d 1665061
|